000
00286nam a22001337a 4500
999
_c
532983
_d
532983
003
NUST
038
_a
M.Ramzan
082
_a
891.4393
_b
RAH
100
_a
Rahat, M.A.
_9
26632
245
_a
Sheteer /
260
_a
Lahore:
_b
Elm Dost Publication,
300
_a
288 p, :
942
_2
ddc
_c
BK